00738nam a2200193Ia 450000500170000000800410001702000180005808200220007610000510009824500430014925000120019226000380020430000130024250000270025565000190028294200070030199900190030895202170032720250319121636.0231217s9999 xx 000 0 und d a9788173716065 a001.6424C HOR2;4 aHorowitz, Ellis. Sahni, Sartaj. Mehta, Dinesh. 0aFundamentals of data structures in c++ a2nd ed. c2007bUniversity PressaHyderabad axxi, 694 aContent page available astructures,c++ cAA c184607d184607 r2024-01-26 00:00:00l0o001.6424C HOR2;4p57159W25udigital/contents/48257.pdfv281.25w2024-01-26yAA1040708IS00K57252L20/08/2013aMLbMLcISd2009-12-04eBook Paradiseg375.00EISGRSF1V93.75URupees